| 000 | nam a22 7a 4500 | ||
|---|---|---|---|
| 999 |
_c25939 _d25939 |
||
| 008 | 170201b xxu||||| |||| 00| 0 eng d | ||
| 020 | _a0024143804 | ||
| 050 | _aN5300 .R38 1982 | ||
| 245 |
_aReading in Art History / _cedited by Harold Spencer |
||
| 250 | _a3rd ed | ||
| 260 |
_aNew York: _bCharles Scribner's Sons, _c1982. |
||
| 300 |
_avi,502 p.: _bill.; _c26cm. |
||
| 500 | _aincludes index. | ||
| 650 | _2History | ||
| 942 |
_2lcc _cBOOKS _hN5300 .R38 1982 _k32100 |
||